ระบบห้องสมุดอัตโนมัติ ULibM
วิทยาลัยพยาบาลบรมราชชนนี พระพุทธบาท
เปลี่ยนเป็นภาษาไทย

Change to English
 แสดงรายละเอียดบรรณานุกรม
  กลับหน้าหลัก

Brief Record : Get Marc (ISO 2709) : E-mail record : QR code ปิดหน้าต่าง
สารบัญ Review โดย ไม่พบชื่อเจ้าหน้าที่ห้องสมุด new เมื่อ30/เมษายน/2564
บทที่ 1 โรคเบาหวานและภาวะแทรกซ้อน
บทที่ 2 ภาวะฉุกเฉินจากระดับน้ำตาลในเลือดสูง
บทที่ 3 ยาลดระดับน้ำตาลในเลือด
บทที่ 4 ภาวะไขมันผิดปกติในเลือด
บทที่ 5 ความดันโลหิตสูงจากโรคทางระบบต่อมไร้ท่อ
บทที่ 6 ไทรอยด์เป็นพิษ
บทที่ 7 Graves' disease
บทที่ 8 Hashimoto's Thyroiditis
บทที่ 9 กลุ่มอาการคุชชิ่ง
บทที่ 10 ภาวะต่อมหมวกไตทำงานน้อย
บทที่ 11 โรคความดันโลหิตสูง
บทที่ 12 โรคหัวใจขาดเลือดเฉียบพลัน
บทที่ 13 โรคกล้ามเนื้อหัวใจขาดเลือดเรื้อรัง
บทที่ 14 ภาวะหัวใจล้มเหลว
บทที่ 15 ภาวะหัวใจเต้นผิดจังหวะที่พบบ่อย
บทที่ 16 โรคลิ้นหัวใจไมตรัลและเอออร์ติกที่พบบ่อย
บทที่ 17 โรคของเยื่อหุ้มหัวใจที่พบบ่อย
บทที่ 18 โรคหัวใจแต่กำเนิดในผู้ใหญ่
บทที่ 19 โรคหลอดเลือดสมอง
บทที่ 20 โรคปวดศีรษะปฐมภูมิที่พบบ่อย
บทที่ 21 โรคเส้นประสาท
บทที่ 22 โรคไมแอสทีเนีย กราวิส
บทที่ 23 กลุ่มอาการกิลแลงบาร์เร
บทที่ 24 ภาวะสมองเสื่อม
บทที่ 25 โรคพาร์กินสัน
บทที่ 26 โรคลมชัก

E-books : เกี่ยวกับ Collections
LEADER 00000nam 2200000uu 4500
001    13399129579
003     ULIBM
008    020711s2563 th a 000 0 tha d
020    9786164881143
060    WB100 ร491 2563
100    บรรณาธิการ, หทัยวรรณ รัตนบรรเจิดกุล
245    โรคทางอายุรศาสตร์ที่พบบ่อย เล่ม 1
250    พิมพ์ครั้งที่ 1
260    ปทุมธานี :^bภาควิชาอายุรศาสตร์ คณะแพทยศาสตร์ มหาวิทยาลัยธรรมศาสตร์,^c2563
300    416 หน้า ;^c21 ซม.
501    Bookshelf: WB 1/1
700 0  บรรณาธิการ, กนกพร สรรพวิทยกุล
700 0  บรรณาธิการ, ภัทริน ภิรมย์พานิช
700 0  บรรณาธิการ, ศานิต วิชานศวกุล
999    ^aนางสาวณิชาพร เกตุศีระ
รายการนี้ยังไม่มีแท็ก
คุณยังไม่ได้ล็อกอิน คุณสามารถมีกิจกรรมร่วมกับเว็บไซต์ได้ แต่ต้องล็อกอินก่อน ::
  ล็อกอิน
ลำดับที่ ประเภท เลขเรียก สถานที่ สถานะ
1. หนังสือ
หนังสือ
WB100 ร491 2563 c.1 
  
วิทยาลัยพยาบาลบรมราชชนนี พระพุทธบาท
►หนังสือทั่วไป
On Shelf
2. หนังสือ
หนังสือ
WB100 ร491 2563 c.2 
  
วิทยาลัยพยาบาลบรมราชชนนี พระพุทธบาท
►หนังสือทั่วไป
On Shelf
3. หนังสือ
หนังสือ
WB100 ร491 2563 c.3 
  
วิทยาลัยพยาบาลบรมราชชนนี พระพุทธบาท
►หนังสือทั่วไป
On Shelf
4. หนังสือ
หนังสือ
WB100 ร491 2563 c.4 
  
วิทยาลัยพยาบาลบรมราชชนนี พระพุทธบาท
►หนังสือทั่วไป
On Shelf
5. หนังสือ
หนังสือ
WB100 ร491 2563 c.5 
  
วิทยาลัยพยาบาลบรมราชชนนี พระพุทธบาท
►หนังสือทั่วไป
On Shelf
   [แสดง 5/5 รายการ]

รายการใกล้เคียง
    ผู้แต่ง [บรรณาธิการ, หทัยวรรณ รัตนบรรเจิดกุล]

Bib 13399129579